000 00936cam a22002891 4500
999 _c6708
_d6708
001 6613216
003 GBCCL
005 20241126110609.0
008 750321s1966 xx 000 0 eng
010 _a 67107955
020 _a0851510868
035 _a(OCoLC)1229134
040 _aDLC
_cOCanM
_dOCoLC
_dDLC
042 _apremarc
050 0 0 _aBS1255
_b.B6 1966
082 _a220.77
_a222.13077
_bGEN
100 1 _aBonar, Andrew A.
_q(Andrew Alexander),
_d1810-1892.
_911989
245 1 2 _aA commentary on Leviticus
_c[by] Andrew A. Bonar.
260 _aLondon,
_bBanner of Truth Trust,
_c1966.
300 _avii, 528 p.
_c22 cm.
490 0 _aA Geneva series commentary
500 _a"First Banner of Truth Trust edition reprinted from the fifth edition."
504 _aBibliographical footnotes.
630 0 0 _aBible.
_pLeviticus
_xCommentaries.
_910315
906 _a7
_bcbc
_coclcrpl
_du
_encip
_f19
_gy-gencatlg
942 _2ddc
_cREF